Tejiendo ideas y trabajos ... Memoria del taller de artesanía
Uloženo v:
| Korporativní autor: | |
|---|---|
| Médium: | Konferenční příspěvek Kniha |
| Jazyk: | Spanish |
| Vydáno: |
San José, Costa Rica
Grupo de Mujeres CELAJE , Centro de Estudios y Publicaciones Alforja
1993
|
| Témata: | |
| Tagy: |
Přidat tag
Žádné tagy, Buďte první, kdo vytvoří štítek k tomuto záznamu!
|
MARC
| LEADER | 00000nam a22000007a 4500 | ||
|---|---|---|---|
| 003 | cru CIDCACS/IIS | ||
| 005 | 20210311062542.0 | ||
| 008 | 180302b1993 cr a|||| |||| 00| 0 spa d | ||
| 999 | |c 41099 |d 41099 | ||
| 040 | |c cru CIDCACS/IIS | ||
| 090 | |a 05.03.03 T266t | ||
| 111 | 1 | |9 6730 |a Taller de Artesanía |c Chánguena, Costa Rica |d 27-28 de marzo 1993 | |
| 245 | 1 | 0 | |a Tejiendo ideas y trabajos ... |b Memoria del taller de artesanía |
| 260 | |a San José, Costa Rica |b Grupo de Mujeres CELAJE , |b Centro de Estudios y Publicaciones Alforja |c 1993 | ||
| 300 | |a 9 páginas | ||
| 500 | |a Colección Alforja | ||
| 650 | 1 | 0 | |9 1792 |a TALLERES |
| 650 | 1 | 0 | |a ADMINISTRACION |9 517 |
| 650 | 1 | 0 | |9 4541 |a ARTESANIA |
| 651 | 1 | 0 | |9 6729 |a Chánguena |
| 651 | 1 | 0 | |9 3813 |a PUNTARENAS |
| 942 | |2 ddc |c LI | ||
